Management of vegetation corridors: maintenance, rehabilitation and establishment (Registro nro. 12480)

Detalles MARC
000 -CABECERA
Campo de control 006080000a22001930004500
090 ## - CLASIFICACIÓN LOCAL
Colección AR
Consecutivo 03429
041 0# - IDIOMA
Código de idioma para texto/pista de sonido o título separado
100 1# - ASIENTO PRINCIPAL--NOMBRE PERSONAL
Nombre personal Loney, B.
245 10 - MENCION DE TITULO
Título Management of vegetation corridors: maintenance, rehabilitation and establishment
650 14 - ASIENTO SECUNDARIO DE MATERIA - TERMINO TEMATICO
Término temático o nombre geográfico como elemento de entrada Corredores ecológicos
650 14 - ASIENTO SECUNDARIO DE MATERIA - TERMINO TEMATICO
Término temático o nombre geográfico como elemento de entrada Manejo de Corredores ecológicos
650 14 - ASIENTO SECUNDARIO DE MATERIA - TERMINO TEMATICO
Término temático o nombre geográfico como elemento de entrada Funciones ecológicas
650 14 - ASIENTO SECUNDARIO DE MATERIA - TERMINO TEMATICO
Término temático o nombre geográfico como elemento de entrada Ecología del paisaje
650 14 - ASIENTO SECUNDARIO DE MATERIA - TERMINO TEMATICO
Término temático o nombre geográfico como elemento de entrada Conservación
650 14 - ASIENTO SECUNDARIO DE MATERIA - TERMINO TEMATICO
Término temático o nombre geográfico como elemento de entrada Vida silvestre
700 1# - ASIENTO SECUNDARIO - NOMBRE PERSONAL
Nombre personal Hobbs, R. J.
773 1# - Item fuente:
Título Preprint
Especificación de materiales 3
Paginas del Articulo 299-311
Lugar, editorial y fecha de publicación 1991?
942 ## - ELEMENTOS ADICIONALES (KOHA)
Tipo de ítem Artículo
Existencias
Withdrawn status Lost status Sistema de Clasificación Damaged status No para préstamo Colección Ubicación Permanente Ubicación actual Fecha de adquisición Datos de publicación Seriada Total Checkouts Número topográfico Inventario / Código de Barras Date last seen Ejemplar Price effective from Tipo de material
    Dewey Decimal Classification   No para Préstamo Hemeroteca Bogotá Bogotá 27/02/2015 Fuera de circulación   AR 03429 013345 25/03/2015 1 25/03/2015 Artículo